| 000 | 01078cam a22003015i 4500 | ||
|---|---|---|---|
| 999 |
_c28274 _d28245 |
||
| 001 | 1462187 | ||
| 003 | EG-ScBUE | ||
| 005 | 20200308120515.0 | ||
| 008 | 860909t19871987enka f b 000 0 eng d | ||
| 020 | _a0566051311 | ||
| 040 |
_aDLC _beng _erda _cDLC _dDLC _dEG-ScBUE |
||
| 082 | 0 | 4 |
_a339 _bUNO _222 |
| 245 | 0 | 4 |
_aThe Unofficial economy : _bconsequences and perspectives in different economic systems / _cedited by Sergio Alessandrini and Bruno Dallago, Università degli Studi di Trento. |
| 264 | 1 |
_aAldershot, Hants, England ; _a Brookfield, Vt., USA : _bGower, _c[1987] |
|
| 264 | 4 | _cc1987 | |
| 300 |
_a345 pages : _billustrations ; _c23 cm |
||
| 336 |
_atext _btxt _2rdacontent |
||
| 337 |
_aunmediated _bn _2rdamedia |
||
| 338 |
_avolume _bnc _2rdacarrier |
||
| 504 | _aIncludes bibliographical references. | ||
| 650 | 7 |
_aInformal sector (Economics) _2BUEsh |
|
| 650 | 7 |
_aComparative economics. _2BUEsh |
|
| 653 |
_bBUSECO _cMarch2020 |
||
| 700 | 1 |
_aAlessandrini, Sergio, _eeditor. |
|
| 700 | 1 |
_aDallago, Bruno, _d1950- _eeditor. |
|
| 942 |
_2ddc _cBB |
||